000 00768nas a2200253 4500
001 BR6400281
003 BR-BrBNA
005 20231205082210.0
007 ta
008 230509b bl.|||p| |||| 00| 00por d
040 _aBR-BrBNA
_bpor
_cBiblioteca Nacional de Agricultura
041 _a(Pt)
072 _aL70; L73
100 1 _aBauer, A.G.
245 1 _aComplicacoes consequentes a vacinacao antirrabica em bovinos
650 _aIMUNOLOGIA
650 _aVACINA
650 _aRAIVA
650 _aDISTURBIO ANIMAL
650 _aBOVINO
773 0 _tRevista da Faculdade de Agronomia e Veterinaria da Universidade do Rio Grande do Sul (Brazil)
_x
_g(Dec 1964), v. 6(4) p. 171-174
_wBR6400281
909 _a202311
_bLúcia
_c55
_dLúcia Elande
942 _2AGRIS
_n0
_cANA
999 _c89910
_d89910